NFL Super Bowl Halftime Shows Quiz Stats

 Plays Quiz Updated Jan 10, 2019

Support Sporcle.
Go Orange.
Score 0/55 Timer 08:00
3 Plays Today
Super Bowl Performer(s) % Correct
XXXVIIIJanet Jackson, Jessica Simpson, Justin Timberlake, P. Diddy, Kid Rock and Nelly
88.9%
50Coldplay, Beyoncé, Bruno Mars
88.1%
LVThe Weeknd
81.6%
XLVIIBeyoncé
78%
XXVIIMichael Jackson
75.9%
LIVJennifer Lopez, Shakira, Bad Bunny, J Balvin, Emme Muñiz
75.4%
XLVIIIBruno Mars and Red Hot Chili Peppers
74.5%
LIIJustin Timberlake
73.8%
XLIXKaty Perry, Lenny Kravitz and Missy Elliott
71.1%
LILady Gaga
69.6%
XLThe Rolling Stones
67.5%
XLVThe Black Eyed Peas
67.3%
XLVIMadonna
67.1%
XXXVAerosmith, N*Sync, Britney Spears, Mary J. Blige and Nelly
66.2%
XXVIIIClint Black, Tanya Tucker, Travis Tritt and The Judds
64.4%
LIIIMaroon 5, Travi$ Scott, Big Boi
62.2%
XLIVThe Who
60.7%
XLIIIBruce Springsteen & the E-Street Band
55.8%
XLIPrince
52.2%
XXXVIU2
49.9%
XXXIXPaul McCartney
49.8%
XLIITom Petty & the Heartbreakers
44.3%
XXXIVPhil Collins, Christina Aguilera, Enrique Iglesias and Toni Braxton
31.7%
XXXVIIShania Twain, No Doubt and Sting
30.7%
XXXIIIStevie Wonder, Gloria Estefan, Big Bad Voodoo Daddy and Savion Glover
29.8%
XXXIThe Blues Brothers, James Brown and ZZ Top
27.9%
XXXDiana Ross
24.3%
XXUp with People
23.2%
Super Bowl Performer(s) % Correct
XVIUp with People
23.2%
XIVUp with People
23.2%
XUp with People
23.2%
XXVIGloria Estefan, Brian Boitano and Dorothy Hamill
22%
XXXIIBoyz II Men, Smokey Robinson, Martha Reeves, The Temptations and Queen Latifah
21.7%
XXVNew Kids on the Block
21.5%
XXIXTony Bennett, Patti LaBelle, Arturo Sandoval and the Miami Sound Machine
17.8%
XVIIIUniversity of Florida and Florida State University Bands
15.7%
IUniversity of Arizona and University of Michigan Bands
15.2%
IXMercer Ellington and Grambling University Bands
15%
VIElla Fitzgerald, Carol Channing, Al Hirt and US Marine Corps Drill Team
14.6%
IIGrambling University Band
13.9%
XIITyler Apache Belles, Pete Fountain and Al Hirt
12.1%
XXIIChubby Checker, The Rockettes and 88 Grand Pianos
11.8%
XXIVPete Fountain, Doug Kershaw and Irma Thomas
11.7%
VIIUniversity of Michigan and Woody Herman Bands
10.6%
XXIIIElvis Presto
10.6%
VIIIUniversity of Texas Band
10.5%
IVCarol Channing
10.4%
VFlorida A&M Band
9.4%
IIIFlorida A&M Band
9.2%
XIXUS Air Force Band 'Tops in Blue'
8.3%
XVSouthern University Band and Helen O'Connell
7%
XIIIKen Hamilton with Caribbean Bands
6.4%
XVIILos Angeles Super Drill Team
5%
XILos Angeles Unified All-City Band
3.7%
XXISouthern California-area High School Drill Teams and Dancers
1.3%

From the Vault

SpongeBob Characters by Picture

by THEJMAN

Two of these characters live in a pineapple, and one under a rock. We question their judgement.
Remove Ads.
Support Sporcle.
Get the best of Sporcle when you Go Orange. This ad-free experience offers more features, more stats, and more fun while also helping to support Sporcle. Thank you for becoming a member.

Show Comments

Extras

Top Quizzes Today


Score Distribution

Your Account Isn't Verified!

In order to create a playlist on Sporcle, you need to verify the email address you used during registration. Go to your Sporcle Settings to finish the process.

Report this User

Report this user for behavior that violates our Community Guidelines.

Details: